| 000 | 00760cam a22002412 4500 | ||
|---|---|---|---|
| 999 |
_c18489 _d18489 |
||
| 001 | 0000019382 | ||
| 003 | OSt | ||
| 005 | 20200915153138.0 | ||
| 008 | 101112s xx 000 0 eng d | ||
| 020 | _a1259251071 | ||
| 040 |
_aKABU _cKABU |
||
| 050 |
_aHD30.22 _b.T46 2016 c.1 |
||
| 100 | 1 | _aThomas, Christopher R. | |
| 245 | 1 | 0 |
_aManagerial economics : _bfoundations of business analysis and strategy / _cChristopher R. Thomas, S. Charles Maurice. |
| 250 |
_a12th ed. _bInternational edition |
||
| 260 |
_aNew York : _bMcGraw-Hill, _c2016. |
||
| 300 | _axxii, 714p. | ||
| 650 | 0 | _aManagerial economics. | |
| 700 | 1 | _aMaurice, S. Charles. | |
| 908 | _a101112 | ||
| 942 |
_2lcc _cBK |
||